000 01251nam a2200229Ia 4500
003 Ost
005 20260507075020.0
008 260507s9999||||xx |||||||||||||| ||und||
020 _a7195125977
040 _cfsecg
041 _aara
082 _a332.76
100 _aالمصري، محمد محمود
_eمؤلف
245 0 _aأحكام الشيك مدنيا وجنائيا /
_c محمد محمود المصري
250 _aطبعة 2
260 _aالاسكندرية:
_bدار المطبوعات الجامعية,
_c2005
300 _a412 صفحة؛
_bإيضاحات ؛
_c24 سم
520 _aنظرة عامة في أحكام الشيك في مصر والبلاد العربية- أحكام الشيك في القانون التجاري المصري- عمليات البنوك من الواجهة القانونية بالنسبة للشيك-أحكام محكمة النقص في الشيك- جريمة إعطاء الشيك بدون رصيد في التشريع السوداني- جريمة إعطاء الشيك بدون رصيد في التشريع المصري- أحكام محكمة نقص الدائرة الجنائية في الشيك
653 _aالشيكات
653 _aجرائم الأموال
942 _cكتاب
999 _c42264
_d42264